| 000 | 00456 a2200133 4500 | ||
|---|---|---|---|
| 001 | ART_30653 | ||
| 005 | 20260410162003.0 | ||
| 008 | 260409a | ||
| 245 | 1 | 0 | _aInformación medioambiental para los usuarios de los establecimientos contables |
| 100 | 1 | _aFronti de García, Luisa | |
| 700 | 1 | _aPahlen Acuña, Ricardo Jose María | |
| 700 | 1 | _aCampo, Ana María | |
| 773 | 0 |
_tForo económico _g- Año VIII, Nº 13 (jun. 2003) _wREV30369 |
|
| 999 |
_c31454 _d31454 |
||